Which Distance is Shorter? - Cities - Statistics

General Stats
  • This quiz has been taken 33 times
  • The average score is 7 of 10
Answer Stats
Question Answer % Correct
Which Distance is Shorter? Athens to Sparta
100%
Which Distance is Shorter? Sydney to Auckland
100%
Which Distance is Shorter? Lisbon to Cairo
83%
Which Distance is Shorter? Seattle to Los Angeles
83%
Which Distance is Shorter? London to Paris
67%
Which Distance is Shorter? Melbourne to Bangkok to Doha
67%
Which Distance is Shorter? Hong Kong to Beijing
50%
Which Distance is Shorter? Mexico City to Madrid
50%
Which Distance is Shorter? Toronto to Miami
50%
Which Distance is Shorter? Denver to Houston
33%
No matching quizzes found
Score Distribution
Percent of People with Each Score
Percentile by Number Answered
Your Score History
You have not taken this quiz